Η οθωμανική αρχιτεκτονική στην Ελλάδα

Αποθηκεύτηκε σε:
Λεπτομέρειες βιβλιογραφικής εγγραφής
Άλλοι συγγραφείς: Μπρούσκαρη, Έρση (edtf)
Μορφή: Βιβλίο
Γλώσσα:Greek
Δημοσίευση: [Αθήνα] : Υπουργείο Πολιτισμού. Διεύθυνση Βυζαντινών και Μεταβυζαντινών Αρχαιοτήτων, c2008.
Θέματα:
Ετικέτες: Προσθήκη ετικέτας
Δεν υπάρχουν, Καταχωρήστε ετικέτα πρώτοι!

MARC

LEADER 00000cam a2200000 i 4500
001 1/1419
008 090909s2008 gr | ||| |||| ||gre||
020 |a 9789602147924  
035 |l 10105590 
040 |a GR-MyUa  |b gre  |e AACR2 
041 0 |a gre 
082 7 |a 720.9495   |2 (22)  
245 0 2 |a Η οθωμανική αρχιτεκτονική στην Ελλάδα /   |c επιμέλεια έκδοσης Έρση Μπρούσκαρη.  
260 |a [Αθήνα] :   |b Υπουργείο Πολιτισμού. Διεύθυνση Βυζαντινών και Μεταβυζαντινών Αρχαιοτήτων,   |c c2008.  
300 |a 494 σ. :   |b έγχρ. εικ. ;   |c 31 εκ.  
500 |a Η παρούσα έκδοση πραγματοποιήθηκε στο πλαίσιο του έργου "Παραγωγή - έκδοση για τα οθωμανικά μνημεία στην Ελλάδα", του επιχειρησιακού προγράμματος "Πολιτισμός" (Μέτρο 2.1: "Ενίσχυση υποδομών και μεγάλων επικοινωνιακών γεγονότων σύγχρονου πολιτισμού"-Πολιτιστικές εκδόσεις).  
504 |a Βιβλιογραφία: σ. 466-486.  
650 0 0 |a Architecture, Ottoman  |z Greece. 
650 0 0 |a Islamic architecture  |z Greece. 
700 1 |a Μπρούσκαρη, Έρση,  |e edtf 
767 0 8 |i Μεταφρασμένο ως:   |t Ottoman architecture in Greece /  
852 |a INST  |b LEMNOS  |e 20150803  |h 720.9495 ΟΘΩ  |p 005600001412  |q 005600001412  |t BK  |y 0 
852 |a INST  |b LESVOS  |e 20100322  |h 720.9495 ΟΘΩ  |p 005100046776  |q 005100046776  |t BK  |y 0 
852 |a INST  |b RHODES  |e 20091215  |h 720.9495 ΟΘΩ  |p 005400032248  |q 005400032248  |t BK  |y 0 
852 |a INST  |b RHODES  |e 20091215  |h 720.9495 ΟΘΩ  |p 005400032249  |q 005400032249  |t BK  |y 0 
852 |a INST  |b SYROS  |e 20090909  |h 720.9495 ΟΘΩ  |p 005500008205  |q 005500008205  |t BK  |y 0 
852 |a INST  |b SYROS  |e 20090909  |h 720.9495 ΟΘΩ  |p 005500008206  |q 005500008206  |t BK  |y 0 
901 |a BIBL5-2009-2 
901 |a BIBL4-2009-3 
901 |a BIBL1-201-1 
970 |a ΚΑΓΙΑΒΑ  |b ΕΙΡΗΝΗ  |z 2009/09/09